Mzdy v kandidátskych krajinách sa postupne zvýšia
Proti obavám západnej Európy z otvorenia trhov práce a zo záplavy lacnej pracovnej sily hovoria ekonomické argumenty. Mzdové rozdiely v kandidátskych krajinách.
Salvato in:
| Autore principale: | |
|---|---|
| Natura: | Capitolo di libro |
| Lingua: | slovacco |
| Soggetti: | |
| Tags: |
Nessun Tag, puoi essere il primo ad aggiungerne!!
|
MARC
| LEADER | 00000naa$a2200000$$$4500 | ||
|---|---|---|---|
| 001 | 0002254 | ||
| 005 | 20230925123510.4 | ||
| 041 | 0 | |a slo | |
| 044 | |a SK | ||
| 245 | 1 | 0 | |a Mzdy v kandidátskych krajinách sa postupne zvýšia |c aut. Andreas Köhler |
| 520 | |a Proti obavám západnej Európy z otvorenia trhov práce a zo záplavy lacnej pracovnej sily hovoria ekonomické argumenty. Mzdové rozdiely v kandidátskych krajinách. | ||
| 610 | 2 | 0 | |a SVE |
| 610 | 2 | 0 | |a mzdy |
| 610 | 2 | 0 | |a Európska únia |
| 610 | 2 | 0 | |a diferenciácia mzdová |
| 610 | 2 | 0 | |a pohyb síl pracovných medzinárodný |
| 100 | 1 | |a Köhler, Andreas | |